Layered Double Hydroxides (LDHs) (Record no. 34579)

MARC details
000 -LEADER
fixed length control field 01109nam a2200121Ia 4500
008 - FIXED-LENGTH DATA ELEMENTS--GENERAL INFORMATION
fixed length control field 220620s9999||||xx |||||||||||||| ||und||
245 #0 - TITLE STATEMENT
Title Layered Double Hydroxides (LDHs)
546 ## - LANGUAGE NOTE
Language note English[eng]
650 ## - SUBJECT ADDED ENTRY--TOPICAL TERM
Topical term or geographic name entry element layered double hydroxides||reconstruction||curcumin||drug release||wastewater||heavy metals removal||sol–gel processing||alkaline earth metals||mixed metal oxides||reconstruction effect||surface properties||nanocomposites||nanofillers||thermal stability||flammability||polymer matrix||HC||hydrothermal synthesis||layered double hydroxide||AFm phase||calcium hemicarboaluminate||cement phases||cement hydration||C3AH6||C4ACH11||katoite||microwave-assisted organic synthesis||biofuel production||rehydrated hydrotalcite||heterogeneous basic catalysis||green chemistry||mechanochemistry||bead mill||synthesis||wet grinding||layered double hydroxides (LDHs)||other nanoclays||organically modified LDH||water purification||adsorption||adsorption interaction||diffusion||n/a
700 ## - ADDED ENTRY--PERSONAL NAME
Personal name Pizzoferrato, Roberto||Richetta, Maria
856 ## - ELECTRONIC LOCATION AND ACCESS
Uniform Resource Identifier <a href="https://mdpi.com/books/pdfview/book/3567">https://mdpi.com/books/pdfview/book/3567</a>
942 ## - ADDED ENTRY ELEMENTS (KOHA)
Koha item type E-Books
Holdings
Withdrawn status Lost status Damaged status Not for loan Home library Current library Date acquired Total Checkouts Date last seen Price effective from Koha item type
        Kerala University of Digital Sciences, Innovation and Technology Knowledge Centre Kerala University of Digital Sciences, Innovation and Technology Knowledge Centre 20/06/2022   20/06/2022 20/06/2022 E-Books